000 00393nam a22001457a 4500
082 _a621.384.
_bCOC.
_cL-11, P-52.
100 _aCocking, W.T.
_941663
245 _aWireless Servicing Manual
_cCocking, W.T.
250 _a7th ed.
260 _aLondon
_bIliffe & Sons
300 _av, 328 p.:
_c16 cm.
526 _a0
_b0
_c0
_d621_384000000000000__COC
650 _aMCE.
_9379
942 _2ddc
_cBK
999 _c545710
_d545710